Czy znasz wszystkie zwierzęta w Farming Simulator 22? - Statystyki

Ogólne statystyki
  • Ten quiz został rozwiązany 168 razy
  • Średni wynik to 7 z 10
Statystyki odpowiedzi
Typ zwierzęcia Nazwa % Poprawnych
Hodowlane Krowy
98%
Hodowlane Kury
95%
Hodowlane Świnie
95%
Hodowlane Owce
94%
Hodowlane Konie
92%
Inne Pies
68%
Dzikie Jelenie
58%
Hodowlane Pszczóły
54%
Dzikie (na Zielonce) Bociany
30%
Dzikie Wrony
28%
Nie znaleziono quizów pasujących do podanych kryteriów
Rozkład punktacji
Procent ludzi z każdym wynikiem
Percentyl według liczby udzielonych odpowiedzi
Twoja historia wyników
Nie rozwiązałeś tego quizu